[Event "VIII Iberoamericano Mexico 2022"]
[Site "Mexico City"]
[Date "2022.02.19"]
[Round "9.33"]
[White "Luna Javier, Edgar Froylan"]
[Black "Encinas Varela, David"]
[Result "1-0"]
[WhiteElo "2148"]
[BlackElo "1862"]
[Annotator "NA"]
[PlyCount "59"]
[EventDate "2022.02.12"]
[EventType "swiss"]
[EventCountry "MEX"]
[SourceTitle "playchess.com"]
[Source "ChessBase"]
[SourceQuality "1"]
[TimeControl "5400+30"]

1. Nf3 {[%emt 0:00:04]} Nf6 {[%emt 0:00:11]} 2. g3 {[%emt 0:00:10]} g6 {[%emt 0:00:00]} 3. Bg2 {[%emt 0:00:08]} Bg7 {[%emt 0:00:01]} 4. d4 {[%emt 0:00:48]} O-O {[%emt 0:00:06]} 5. O-O {[%emt 0:00:03]} d5 {[%emt 0:00:36]} 6. c4 {[%emt 0:00:25]} c6 {[%emt 0:00:17]} 7. cxd5 {[%emt 0:00:08]} cxd5 {[%emt 0:00:11]} 8. Ne5 {[%emt 0:00:28]} Ng4 {[%emt 0:04:52]} 9. f4 {[%emt 0:13:38]} Nxe5 {[%emt 0:01:13]} 10. fxe5 {[%emt 0:00:17]} Be6 {[%emt 0:00:11]} 11. Nc3 {[%emt 0:01:48]} Qd7 {[%emt 0:01:41]} 12. Bf4 {[%emt 0:11:33]} Rd8 {[%emt 0:01:10]} 13. Na4 {[%emt 0:12:48]} b6 {[%emt 0:01:10]} 14. Nc3 {[%emt 0:00:25]} Nc6 {[%emt 0:03:56]} 15. Qd2 {[%emt 0:08:06]} Bh3 {[%emt 0:02:08]} 16. Bxh3 {[%emt 0:03:17]} Qxh3 {[%emt 0:00:29]} 17. Rac1 {[%emt 0:00:27]} Rac8 {[%emt 0:01:06]} 18. Bg5 {[%emt 0:00:52]} f6 {[%emt 0:07:10]} 19. exf6 {[%emt 0:01:26]} exf6 {[%emt 0:00:38]} 20. Bxf6 {[%emt 0:01:30]} Bh6 {[%emt 0:00:27]} 21. Bg5 {[%emt 0:01:28]} Bxg5 {[%emt 0:00:52]} 22. Qxg5 {[%emt 0:00:02]} Nxd4 {[%emt 0:00:21]} 23. Rcd1 {[%emt 0:02:52]} Ne6 {[%emt 0:01:52]} 24. Qe5 {[%emt 0:00:47]} Nc7 {[%emt 0:06:32]} 25. Nxd5 {[%emt 0:06:02]} Nxd5 {[%emt 0:01:22]} 26. Rxd5 {[%emt 0:01:37]} Re8 {[%emt 0:00:41]} 27. Qd4 {[%emt 0:04:20]} Rxe2 {[%emt 0:11:10]} 28. Rd8+ {[%emt 0:00:07]} Re8 {[%emt 0:00:09]} 29. Qd5+ {[%emt 0:00:08]} Kh8 {[%emt 0:00:49]} 30. Qe5+ {[%emt 0:00:05]} 1-0

[Event "VIII Iberoamericano Mexico 2022"]
[Site "Mexico City"]
[Date "2022.02.19"]
[Round "9.34"]
[White "Torres Rivas, Felipe de Jesus"]
[Black "Garcia de Dios, Jose Antonio"]
[Result "1/2-1/2"]
[WhiteElo "1845"]
[BlackElo "2145"]
[Annotator "NA"]
[PlyCount "113"]
[EventDate "2022.02.12"]
[EventType "swiss"]
[EventCountry "MEX"]
[SourceTitle "playchess.com"]
[Source "ChessBase"]
[SourceQuality "1"]
[TimeControl "5400+30"]

1. d4 {[%emt 0:10:33]} Nf6 {[%emt 0:00:27]} 2. Nf3 {[%emt 0:01:23]} g6 {[%emt 0:00:38]} 3. c4 {[%emt 0:00:15]} Bg7 {[%emt 0:00:24]} 4. g3 {[%emt 0:00:15]} O-O {[%emt 0:00:25]} 5. Bg2 {[%emt 0:00:04]} d6 {[%emt 0:00:20]} 6. O-O {[%emt 0:00:25]} Nbd7 {[%emt 0:00:29]} 7. Nc3 {[%emt 0:02:33]} e5 {[%emt 0:00:47]} 8. Bg5 {[%emt 0:01:28]} h6 {[%emt 0:03:52]} 9. Bxf6 {[%emt 0:00:57]} Bxf6 {[%emt 0:00:18]} 10. e3 {[%emt 0:00:28]} Bg7 {[%emt 0:02:47]} 11. Qb3 {[%emt 0:01:02]} exd4 {[%emt 0:02:36]} 12. Nxd4 {[%emt 0:01:21]} Nc5 {[%emt 0:00:59]} 13. Qc2 {[%emt 0:00:18]} a5 {[%emt 0:00:44]} 14. Rfd1 {[%emt 0:06:36]} c6 {[%emt 0:04:46]} 15. Rd2 {[%emt 0:03:51]} Qc7 {[%emt 0:08:55]} 16. h4 {[%emt 0:01:28]} h5 {[%emt 0:08:13]} 17. Qd1 {[%emt 0:05:17]} Re8 {[%emt 0:04:13]} 18. Rc1 {[%emt 0:04:37]} a4 {[%emt 0:02:57]} 19. Rb1 {[%emt 0:03:45]} Bg4 {[%emt 0:15:01]} 20. Bf3 {[%emt 0:01:22]} Be6 {[%emt 0:01:08]} 21. Nxe6 {[%emt 0:03:25]} Rxe6 {[%emt 0:00:02]} 22. Ne2 {[%emt 0:00:45]} Ne4 {[%emt 0:06:13]} 23. Bxe4 {[%emt 0:05:18]} Rxe4 {[%emt 0:00:06]} 24. Qc2 {[%emt 0:00:09]} Ree8 {[%emt 0:36:10]} 25. Rbd1 {[%emt 0:00:30]} a3 {[%emt 0:00:00]} 26. bxa3 {[%emt 0:03:05]} Rxa3 {[%emt 0:00:00]} 27. Rxd6 {[%emt 0:00:08]} Qa5 {[%emt 0:00:00]} 28. Nf4 {[%emt 0:04:04]} Rxa2 {[%emt 0:00:00]} 29. Qd3 {[%emt 0:02:59]} Ra1 {[%emt 0:00:00]} 30. Rd7 {[%emt 0:04:27]} Rxd1+ {[%emt 0:00:00]} 31. Qxd1 {[%emt 0:00:04]} Qb4 {[%emt 0:00:00]} 32. Qd3 {[%emt 0:05:03]} Ra8 {[%emt 0:00:00]} 33. Rd8+ {[%emt 0:08:27]} Rxd8 {[%emt 0:00:00]} 34. Qxd8+ {[%emt 0:00:03]} Bf8 {[%emt 0:00:00]} 35. Qd3 {[%emt 0:00:41]} Qc5 {[%emt 0:00:00]} 36. Kg2 {[%emt 0:03:14]} b5 {[%emt 0:00:00]} 37. cxb5 {[%emt 0:02:19]} cxb5 {[%emt 0:00:00]} 38. Qd5 {[%emt 0:01:00]} Qb6 {[%emt 0:00:26]} 39. Ne2 {[%emt 0:05:16]} Bg7 {[%emt 0:01:03]} 40. Nc1 {[%emt 0:01:43]} b4 {[%emt 0:00:23]} 41. Nb3 {[%emt 0:00:07]} Bc3 {[%emt 0:02:40]} 42. Qa8+ {[%emt 0:06:19]} Kg7 {[%emt 0:00:33]} 43. Qd5 {[%emt 0:00:04]} Qa7 {[%emt 0:00:43]} 44. Nc5 {[%emt 0:04:21]} Qa1 {[%emt 0:02:38]} 45. Ne4 {[%emt 0:00:55]} Be1 {[%emt 0:01:23]} 46. Qb3 {[%emt 0:00:34]} Qe5 {[%emt 0:00:24]} 47. Ng5 {[%emt 0:00:15]} Qf5 {[%emt 0:00:24]} 48. Nf3 {[%emt 0:00:23]} Bc3 {[%emt 0:00:10]} 49. Ng5 {[%emt 0:00:21]} Qd7 {[%emt 0:00:47]} 50. Qc4 {[%emt 0:01:01]} Qb7+ {[%emt 0:00:22]} 51. Qe4 {[%emt 0:00:24]} Qa7 {[%emt 0:00:57]} 52. Qd5 {[%emt 0:00:07]} Bf6 {[%emt 0:00:23]} 53. Ne4 {[%emt 0:00:11]} Qb6 {[%emt 0:00:30]} 54. Nd6 {[%emt 0:00:30]} Kh6 {[%emt 0:00:41]} 55. Nxf7+ {[%emt 0:00:54]} Kh7 {[%emt 0:00:01]} 56. Ng5+ {[%emt 0:00:44]} Bxg5 {[%emt 0:00:11]} 57. Qf7+ {[%emt 0:01:12]} 1/2-1/2

[Event "VIII Iberoamericano Mexico 2022"]
[Site "Mexico City"]
[Date "2022.02.19"]
[Round "9.35"]
[White "Pla, Silvio"]
[Black "Macias Zamora, Jose Armando"]
[Result "1-0"]
[WhiteElo "2113"]
[BlackElo "1488"]
[Annotator "NA"]
[PlyCount "65"]
[EventDate "2022.02.12"]
[EventType "swiss"]
[EventCountry "MEX"]
[SourceTitle "playchess.com"]
[Source "ChessBase"]
[SourceQuality "1"]
[TimeControl "5400+30"]

1. d4 {[%emt 0:00:10]} d5 {[%emt 0:00:07]} 2. Bf4 {[%emt 0:00:36]} c5 {[%emt 0:00:10]} 3. e3 {[%emt 0:00:11]} Nc6 {[%emt 0:00:10]} 4. c3 {[%emt 0:00:40]} Nf6 {[%emt 0:01:07]} 5. Nd2 {[%emt 0:00:09]} Bf5 {[%emt 0:01:22]} 6. Qb3 {[%emt 0:07:01]} Qb6 {[%emt 0:01:23]} 7. dxc5 {[%emt 0:00:11]} Qxb3 {[%emt 0:00:43]} 8. Nxb3 {[%emt 0:00:18]} e5 {[%emt 0:00:33]} 9. Bg3 {[%emt 0:00:43]} Ne4 {[%emt 0:01:08]} 10. Bb5 {[%emt 0:00:52]} f6 {[%emt 0:04:30]} 11. O-O-O {[%emt 0:34:24]} O-O-O {[%emt 0:06:14]} 12. Bd3 {[%emt 0:03:32]} Nxg3 {[%emt 0:01:08]} 13. hxg3 {[%emt 0:00:04]} Bxd3 {[%emt 0:00:26]} 14. Rxd3 {[%emt 0:00:02]} e4 {[%emt 0:00:13]} 15. Rd2 {[%emt 0:02:49]} Ne5 {[%emt 0:01:49]} 16. Nh3 {[%emt 0:05:36]} g5 {[%emt 0:05:10]} 17. Rhd1 {[%emt 0:00:06]} Be7 {[%emt 0:21:15]} 18. Kb1 {[%emt 0:00:29]} Nd3 {[%emt 0:01:29]} 19. Nc1 {[%emt 0:00:59]} Nxc5 {[%emt 0:03:19]} 20. Rxd5 {[%emt 0:00:22]} Rxd5 {[%emt 0:00:17]} 21. Rxd5 {[%emt 0:00:01]} Rd8 {[%emt 0:00:13]} 22. Rxd8+ {[%emt 0:00:38]} Bxd8 {[%emt 0:00:42]} 23. Kc2 {[%emt 0:00:19]} Kd7 {[%emt 0:00:40]} 24. Ng1 {[%emt 0:07:00]} f5 {[%emt 0:02:10]} 25. Nge2 {[%emt 0:00:08]} Ke6 {[%emt 0:01:21]} 26. Nd4+ {[%emt 0:05:55]} Ke5 {[%emt 0:01:19]} 27. b4 {[%emt 0:01:39]} Nd7 {[%emt 0:00:47]} 28. f4+ {[%emt 0:08:20]} exf3 {[%emt 0:00:21]} 29. gxf3 {[%emt 0:00:01]} f4 {[%emt 0:02:22]} 30. Nd3+ {[%emt 0:00:27]} Kf6 {[%emt 0:00:48]} 31. exf4 {[%emt 0:00:11]} Bc7 {[%emt 0:01:32]} 32. fxg5+ {[%emt 0:00:21]} Kxg5 {[%emt 0:00:01]} 33. Ne6+ {[%emt 0:00:01]} 1-0

[Event "VIII Iberoamericano Mexico 2022"]
[Site "Mexico City"]
[Date "2022.02.19"]
[Round "9.36"]
[White "Davalos Prieto, Abel Justo"]
[Black "Jorajuria Mendoza, Zuben Algenubi"]
[Result "1/2-1/2"]
[WhiteElo "2103"]
[BlackElo "1582"]
[Annotator "NA"]
[PlyCount "67"]
[EventDate "2022.02.12"]
[EventType "swiss"]
[EventCountry "MEX"]
[SourceTitle "playchess.com"]
[Source "ChessBase"]
[SourceQuality "1"]
[TimeControl "5400+30"]

1. d4 {[%emt 0:00:09]} d5 {[%emt 0:00:08]} 2. Bf4 {[%emt 0:00:14]} Bf5 {[%emt 0:00:31]} 3. Nc3 {[%emt 0:00:19]} Nf6 {[%emt 0:00:15]} 4. f3 {[%emt 0:00:27]} e6 {[%emt 0:01:12]} 5. g4 {[%emt 0:02:27]} Bg6 {[%emt 0:00:13]} 6. h4 {[%emt 0:00:10]} h6 {[%emt 0:00:20]} 7. e3 {[%emt 0:00:22]} Be7 {[%emt 0:01:28]} 8. Bd3 {[%emt 0:05:24]} Bxd3 {[%emt 0:01:00]} 9. Qxd3 {[%emt 0:00:16]} Nfd7 {[%emt 0:00:11]} 10. O-O-O {[%emt 0:02:42]} Bxh4 {[%emt 0:00:33]} 11. Bxc7 {[%emt 0:00:32]} Qxc7 {[%emt 1:30:09]} 12. Rxh4 {[%emt 0:00:16]} Na6 {[%emt 1:29:40]} 13. a3 {[%emt 0:03:38]} O-O-O {[%emt 0:01:14]} 14. Nge2 {[%emt 0:01:36]} Kb8 {[%emt 0:01:27]} 15. f4 {[%emt 1:19:28]} Rc8 {[%emt 0:02:19]} 16. Rdh1 {[%emt 0:00:00]} Rhg8 {[%emt 0:01:20]} 17. Rg1 {[%emt 0:00:00]} Nb6 {[%emt 0:02:44]} 18. b3 {[%emt 0:00:00]} Qe7 {[%emt 0:00:35]} 19. Rhh1 {[%emt 0:00:00]} Qxa3+ {[%emt 0:00:15]} 20. Kd2 {[%emt 0:00:00]} Rc6 {[%emt 0:03:41]} 21. Ra1 {[%emt 0:00:00]} Qe7 {[%emt 0:01:49]} 22. Qb5 {[%emt 0:00:00]} Rgc8 {[%emt 0:02:14]} 23. Rhc1 {[%emt 0:00:00]} Qc7 {[%emt 0:02:11]} 24. Qa5 {[%emt 0:00:00]} Qd7 {[%emt 0:01:33]} 25. Nb5 {[%emt 0:00:00]} g6 {[%emt 0:03:15]} 26. c3 {[%emt 0:00:00]} f5 {[%emt 0:01:18]} 27. Rh1 {[%emt 0:00:00]} Qg7 {[%emt 0:01:37]} 28. Rag1 {[%emt 0:00:00]} Rh8 {[%emt 0:01:59]} 29. Nc1 {[%emt 0:00:00]} Qd7 {[%emt 0:01:35]} 30. Nd3 {[%emt 0:00:00]} Qd8 {[%emt 0:00:47]} 31. Ra1 {[%emt 0:00:00]} Nd7 {[%emt 1:06:19]} 32. Qxd8+ {[%emt 0:08:30]} Rxd8 {[%emt 0:00:10]} 33. Rxh6 {[%emt 0:00:00]} Rg8 {[%emt 0:00:52]} 34. Rg1 {[%emt 0:09:30]} 1/2-1/2

[Event "VIII Iberoamericano Mexico 2022"]
[Site "Mexico City"]
[Date "2022.02.19"]
[Round "9.37"]
[White "Zacarias, M Ruben D"]
[Black "Herrera Aruca, Jorge Frank"]
[Result "1-0"]
[WhiteElo "2174"]
[BlackElo "1964"]
[Annotator "NA"]
[PlyCount "63"]
[EventDate "2022.02.12"]
[EventType "swiss"]
[EventCountry "MEX"]
[SourceTitle "playchess.com"]
[Source "ChessBase"]
[SourceQuality "1"]
[TimeControl "5400+30"]

1. e4 {[%emt 0:00:03]} e6 {[%emt 0:00:07]} 2. d4 {[%emt 0:00:04]} d5 {[%emt 0:00:03]} 3. e5 {[%emt 0:00:04]} c5 {[%emt 0:00:06]} 4. c3 {[%emt 0:00:04]} Qb6 {[%emt 0:00:04]} 5. Nf3 {[%emt 0:00:05]} Nc6 {[%emt 0:00:04]} 6. a3 {[%emt 0:00:05]} c4 {[%emt 0:00:04]} 7. Nbd2 {[%emt 0:00:04]} Na5 {[%emt 0:00:05]} 8. g3 {[%emt 0:00:08]} Bd7 {[%emt 0:00:05]} 9. Bg2 {[%emt 0:00:06]} O-O-O {[%emt 0:00:12]} 10. O-O {[%emt 0:00:06]} f5 {[%emt 0:00:04]} 11. Ng5 Nh6 {[%emt 0:00:30]} 12. f4 Be7 {[%emt 0:00:30]} 13. Ndf3 Nb3 {[%emt 0:00:30]} 14. Rb1 Be8 {[%emt 0:00:30]} 15. Kh1 Nf7 {[%emt 0:00:30]} 16. Nxf7 Bxf7 {[%emt 0:00:30]} 17. Ng5 Be8 {[%emt 0:00:30]} 18. h4 h6 {[%emt 0:00:30]} 19. Nf3 Nxc1 {[%emt 0:00:30]} 20. Qxc1 Bh5 {[%emt 0:00:30]} 21. b3 cxb3 {[%emt 0:00:30]} 22. c4 Kb8 {[%emt 0:00:30]} 23. c5 Qb5 {[%emt 0:00:30]} 24. Qe3 g5 {[%emt 0:00:30]} 25. Rxb3 Qc6 {[%emt 0:00:30]} 26. Rfb1 Rd7 {[%emt 0:00:30]} 27. Bf1 Qc8 {[%emt 0:00:30]} 28. Ba6 gxh4 {[%emt 0:00:30]} 29. Qc3 Rc7 {[%emt 0:00:30]} 30. c6 Rxc6 {[%emt 0:00:30]} 31. Rxb7+ Ka8 {[%emt 0:00:30]} 32. Rb8+ 1-0

[Event "VIII Iberoamericano Mexico 2022"]
[Site "Mexico City"]
[Date "2022.02.19"]
[Round "9.38"]
[White "Alfaro, William"]
[Black "Santanna, Paulo"]
[Result "1/2-1/2"]
[WhiteElo "2143"]
[BlackElo "1928"]
[Annotator "NA"]
[PlyCount "33"]
[EventDate "2022.02.12"]
[EventType "swiss"]
[EventCountry "MEX"]
[SourceTitle "playchess.com"]
[Source "ChessBase"]
[SourceQuality "1"]
[TimeControl "5400+30"]

1. e4 {[%emt 0:10:37]} c5 {[%emt 0:00:06]} 2. d4 {[%emt 0:00:03]} cxd4 {[%emt 0:00:06]} 3. c3 {[%emt 0:00:04]} g6 {[%emt 0:00:12]} 4. cxd4 {[%emt 0:00:07]} d5 {[%emt 0:00:06]} 5. e5 {[%emt 0:02:02]} Bg7 {[%emt 0:00:20]} 6. Nf3 {[%emt 0:00:13]} Bg4 {[%emt 0:00:12]} 7. Bb5+ {[%emt 0:01:32]} Nd7 {[%emt 0:00:24]} 8. Nc3 {[%emt 0:08:37]} e6 {[%emt 0:03:49]} 9. Be2 {[%emt 0:03:24]} a6 {[%emt 0:03:53]} 10. Bg5 {[%emt 0:03:49]} Ne7 {[%emt 0:03:15]} 11. Qb3 {[%emt 0:05:39]} Rb8 {[%emt 0:10:28]} 12. Qa3 {[%emt 0:09:27]} Bxf3 {[%emt 0:01:14]} 13. Bxf3 {[%emt 0:00:06]} h6 {[%emt 0:00:14]} 14. Bxe7 {[%emt 0:01:48]} Qxe7 {[%emt 0:00:03]} 15. Qa5 {[%emt 0:12:14]} O-O {[%emt 0:00:31]} 16. O-O {[%emt 0:00:01]} Qd8 {[%emt 0:02:40]} 17. Qxd8 {[%emt 0:02:40]} 1/2-1/2

[Event "VIII Iberoamericano Mexico 2022"]
[Site "Mexico City"]
[Date "2022.02.19"]
[Round "9.39"]
[White "Flores Irurso, Paul Josue"]
[Black "Vega Garcia, Jorge Arturo"]
[Result "0-1"]
[WhiteElo "1912"]
[BlackElo "2121"]
[Annotator "NA"]
[PlyCount "114"]
[EventDate "2022.02.12"]
[EventType "swiss"]
[EventCountry "MEX"]
[SourceTitle "playchess.com"]
[Source "ChessBase"]
[SourceQuality "1"]
[TimeControl "5400+30"]

1. e4 {[%emt 0:00:14]} e5 {[%emt 0:00:34]} 2. Nf3 {[%emt 0:00:24]} Nc6 {[%emt 0:00:27]} 3. Bc4 {[%emt 0:01:08]} Bc5 {[%emt 0:01:23]} 4. c3 {[%emt 0:00:37]} Qe7 {[%emt 0:00:24]} 5. O-O {[%emt 0:04:14]} d6 {[%emt 0:01:20]} 6. d4 {[%emt 0:01:50]} Bb6 {[%emt 0:00:20]} 7. Bg5 {[%emt 0:02:40]} Nf6 {[%emt 0:00:27]} 8. d5 {[%emt 0:01:01]} Nb8 {[%emt 0:01:50]} 9. Qd3 {[%emt 0:02:03]} Nbd7 {[%emt 0:00:31]} 10. Nbd2 {[%emt 0:01:41]} h6 {[%emt 0:00:18]} 11. Be3 {[%emt 0:00:32]} O-O {[%emt 0:02:04]} 12. Nh4 {[%emt 0:06:14]} Nc5 {[%emt 0:04:45]} 13. Bxc5 {[%emt 0:02:48]} Bxc5 {[%emt 0:01:20]} 14. b4 {[%emt 0:03:58]} Bb6 {[%emt 0:00:17]} 15. Bb3 {[%emt 0:03:08]} Nxd5 {[%emt 0:01:04]} 16. g3 {[%emt 0:09:59]} Nf4 {[%emt 0:00:36]} 17. gxf4 {[%emt 0:00:05]} Qxh4 {[%emt 0:00:12]} 18. f5 {[%emt 0:00:04]} Kh8 {[%emt 0:00:26]} 19. Nf3 {[%emt 0:01:08]} Qf4 {[%emt 0:00:18]} 20. Ne1 {[%emt 0:03:19]} g6 {[%emt 0:01:06]} 21. Ng2 {[%emt 0:00:28]} Qg4 {[%emt 0:01:15]} 22. Qd2 {[%emt 0:06:02]} Kh7 {[%emt 0:00:44]} 23. fxg6+ {[%emt 0:03:23]} fxg6 {[%emt 0:00:19]} 24. Rae1 {[%emt 0:02:04]} Bd7 {[%emt 0:00:55]} 25. a4 {[%emt 0:00:42]} a5 {[%emt 0:00:22]} 26. b5 {[%emt 0:00:04]} Rf6 {[%emt 0:01:43]} 27. Bd1 {[%emt 0:01:40]} Qh3 {[%emt 0:02:58]} 28. Ne3 {[%emt 0:03:47]} Raf8 {[%emt 0:00:43]} 29. f3 {[%emt 0:00:50]} Qh4 {[%emt 0:04:49]} 30. Kh1 {[%emt 0:01:38]} Bh3 {[%emt 0:01:08]} 31. Nd5 {[%emt 0:03:58]} R6f7 {[%emt 0:02:06]} 32. Nxb6 {[%emt 0:00:08]} Bxf1 {[%emt 0:00:17]} 33. Rxf1 {[%emt 0:00:05]} cxb6 {[%emt 0:00:23]} 34. Qe3 {[%emt 0:04:29]} Qd8 {[%emt 0:00:34]} 35. c4 {[%emt 0:00:47]} Qc7 {[%emt 0:00:17]} 36. Be2 {[%emt 0:00:14]} Qc5 {[%emt 0:00:13]} 37. Qxc5 {[%emt 0:00:18]} bxc5 {[%emt 0:00:46]} 38. Kg2 {[%emt 0:02:46]} b6 {[%emt 0:01:39]} 39. Rd1 {[%emt 0:01:00]} Rd8 {[%emt 0:01:12]} 40. Kg3 {[%emt 0:01:10]} Kg7 {[%emt 0:00:11]} 41. Rd5 {[%emt 0:00:50]} Kf8 {[%emt 0:00:08]} 42. Rd1 {[%emt 0:00:29]} Ke7 {[%emt 0:00:15]} 43. h3 {[%emt 0:02:16]} Rf4 {[%emt 0:00:13]} 44. Rd2 {[%emt 0:03:05]} Rdf8 {[%emt 0:00:08]} 45. Rd1 {[%emt 0:00:22]} R8f6 {[%emt 0:00:07]} 46. Rd3 {[%emt 0:00:27]} g5 {[%emt 0:00:16]} 47. Rc3 {[%emt 0:01:03]} h5 {[%emt 0:00:14]} 48. Re3 {[%emt 0:00:05]} Kf7 {[%emt 0:00:21]} 49. Kg2 {[%emt 0:12:33]} Kg6 {[%emt 0:02:01]} 50. Kg3 {[%emt 0:00:26]} Rf8 {[%emt 0:01:58]} 51. Rd3 {[%emt 0:00:32]} R8f6 52. Re3 Kh6 {[%emt 0:01:21]} 53. Kg2 {[%emt 0:04:17]} g4 {[%emt 0:10:05]} 54. hxg4 {[%emt 0:00:05]} hxg4 {[%emt 0:00:10]} 55. Kf2 {[%emt 0:01:29]} Kg6 {[%emt 0:00:59]} 56. Kg2 {[%emt 0:00:11]} Kg5 {[%emt 0:01:13]} 57. Kg3 {[%emt 0:00:10]} Rxf3+ {[%emt 0:00:45]} 0-1

[Event "VIII Iberoamericano Mexico 2022"]
[Site "Mexico City"]
[Date "2022.02.19"]
[Round "9.40"]
[White "Castellanos Hernandez, Emilio Au"]
[Black "Limon Olmos, Ivan Alonso"]
[Result "0-1"]
[WhiteElo "1939"]
[BlackElo "2106"]
[Annotator "NA"]
[PlyCount "89"]
[EventDate "2022.02.12"]
[EventType "swiss"]
[EventCountry "MEX"]
[SourceTitle "playchess.com"]
[Source "ChessBase"]
[SourceQuality "1"]
[TimeControl "5400+30"]

1. d4 {[%emt 0:17:06]} d5 {[%emt 0:02:24]} 2. Nf3 {[%emt 0:00:37]} Nf6 {[%emt 0:02:40]} 3. e3 {[%emt 0:01:39]} c5 {[%emt 0:00:40]} 4. a3 {[%emt 0:05:30]} cxd4 {[%emt 0:03:34]} 5. exd4 {[%emt 0:00:14]} Nc6 {[%emt 0:00:53]} 6. c3 {[%emt 0:03:18]} Bg4 {[%emt 0:01:21]} 7. Qb3 {[%emt 0:00:46]} Qc7 {[%emt 0:03:28]} 8. Be2 {[%emt 0:01:24]} Bxf3 {[%emt 0:03:40]} 9. Bxf3 {[%emt 0:02:42]} Nxd4 {[%emt 0:00:52]} 10. Qa4+ {[%emt 0:06:25]} Nc6 {[%emt 0:00:09]} 11. O-O {[%emt 0:00:48]} e6 {[%emt 0:03:17]} 12. c4 {[%emt 0:01:01]} dxc4 {[%emt 0:06:50]} 13. Bf4 {[%emt 0:02:30]} Bd6 {[%emt 0:02:06]} 14. Bxd6 {[%emt 0:00:33]} Qxd6 {[%emt 0:00:02]} 15. Rd1 {[%emt 0:00:21]} Qc5 {[%emt 0:02:31]} 16. Bxc6+ {[%emt 0:00:18]} Qxc6 {[%emt 0:02:28]} 17. Qxc6+ {[%emt 0:00:08]} bxc6 {[%emt 0:00:05]} 18. Nd2 {[%emt 0:05:20]} c3 {[%emt 0:07:53]} 19. bxc3 {[%emt 0:00:01]} O-O-O {[%emt 0:01:23]} 20. Nf3 {[%emt 0:02:13]} Rxd1+ {[%emt 0:19:37]} 21. Rxd1 {[%emt 0:00:01]} Ne4 {[%emt 0:09:21]} 22. Ne5 {[%emt 0:04:15]} Nxc3 {[%emt 0:03:16]} 23. Rd3 {[%emt 0:01:11]} Rd8 {[%emt 0:02:12]} 24. Rxd8+ {[%emt 0:01:43]} Kxd8 {[%emt 0:02:08]} 25. Nxc6+ {[%emt 0:00:46]} Kc7 {[%emt 0:00:16]} 26. Nb4 {[%emt 0:00:34]} a5 {[%emt 0:05:34]} 27. Nc2 {[%emt 0:02:04]} Kb6 {[%emt 0:00:30]} 28. Kf1 {[%emt 0:00:01]} Kb5 {[%emt 0:01:45]} 29. Ke1 {[%emt 0:00:14]} Ka4 {[%emt 0:00:07]} 30. f4 {[%emt 0:00:54]} Kb3 {[%emt 0:01:36]} 31. Kd2 {[%emt 0:00:20]} Nb1+ {[%emt 0:00:19]} 32. Kd3 {[%emt 0:00:01]} Nxa3 {[%emt 0:01:16]} 33. Nd4+ {[%emt 0:00:04]} Kb2 {[%emt 0:00:52]} 34. g4 {[%emt 0:00:08]} a4 {[%emt 0:00:39]} 35. f5 {[%emt 0:01:41]} exf5 {[%emt 0:02:01]} 36. gxf5 {[%emt 0:00:06]} Nb1 {[%emt 0:01:01]} 37. Nb5 {[%emt 0:01:02]} a3 {[%emt 0:00:27]} 38. Nxa3 {[%emt 0:00:41]} Nxa3 {[%emt 0:00:28]} 39. f6 {[%emt 0:00:54]} gxf6 {[%emt 0:02:54]} 40. Ke4 {[%emt 0:00:18]} Nb5 {[%emt 0:00:13]} 41. Kf5 {[%emt 0:00:16]} Nd6+ {[%emt 0:00:04]} 42. Kxf6 {[%emt 0:00:35]} Kc3 {[%emt 0:00:12]} 43. h4 {[%emt 0:00:39]} Kd4 {[%emt 0:00:04]} 44. h5 {[%emt 0:00:45]} Ke4 {[%emt 0:06:53]} 45. h6 {[%emt 0:00:01]} 0-1

[Event "VIII Iberoamericano Mexico 2022"]
[Site "Mexico City"]
[Date "2022.02.19"]
[Round "9.41"]
[White "Gutierrez Herrera, Jose Antonio"]
[Black "Mateos Lopez, Luis Javier"]
[Result "0-1"]
[WhiteElo "2059"]
[BlackElo "1910"]
[Annotator "NA"]
[PlyCount "66"]
[EventDate "2022.02.12"]
[EventType "swiss"]
[EventCountry "MEX"]
[SourceTitle "playchess.com"]
[Source "ChessBase"]
[SourceQuality "1"]
[TimeControl "5400+30"]

1. e4 c5 {[%emt 0:08:21]} 2. Nf3 {[%emt 0:03:53]} d6 {[%emt 0:00:18]} 3. d4 {[%emt 0:01:08]} cxd4 {[%emt 0:00:14]} 4. Nxd4 {[%emt 0:00:01]} Nf6 {[%emt 0:00:18]} 5. Nc3 {[%emt 0:00:08]} Nc6 {[%emt 0:00:15]} 6. Be3 {[%emt 0:00:23]} Ng4 {[%emt 0:01:34]} 7. Bg5 {[%emt 0:05:00]} Qb6 {[%emt 0:02:59]} 8. Be3 {[%emt 0:31:48]} Nxe3 {[%emt 0:04:10]} 9. fxe3 {[%emt 0:00:02]} e6 {[%emt 0:07:18]} 10. Qd2 {[%emt 0:00:35]} Be7 {[%emt 0:00:57]} 11. O-O-O {[%emt 0:11:57]} a6 {[%emt 0:07:08]} 12. Kb1 {[%emt 0:00:05]} O-O {[%emt 0:00:32]} 13. h4 {[%emt 0:00:10]} Bd7 {[%emt 0:05:27]} 14. g4 {[%emt 0:00:23]} Ne5 {[%emt 0:02:08]} 15. g5 {[%emt 0:00:29]} Rac8 {[%emt 0:05:12]} 16. Be2 {[%emt 0:00:47]} Qc7 {[%emt 0:04:13]} 17. Rdg1 {[%emt 0:01:01]} b5 {[%emt 0:00:38]} 18. Rg2 {[%emt 0:02:54]} b4 {[%emt 0:06:47]} 19. Nd1 {[%emt 0:00:12]} a5 {[%emt 0:02:54]} 20. h5 {[%emt 0:00:11]} Qb7 {[%emt 0:02:03]} 21. Nf2 {[%emt 0:01:49]} a4 {[%emt 0:01:04]} 22. g6 {[%emt 0:01:35]} fxg6 {[%emt 0:01:17]} 23. hxg6 {[%emt 0:01:39]} h6 {[%emt 0:06:39]} 24. Bd3 {[%emt 0:02:13]} Rf6 {[%emt 0:10:38]} 25. Ng4 {[%emt 0:00:19]} Nxg4 {[%emt 0:00:56]} 26. Rxg4 {[%emt 0:00:03]} e5 {[%emt 0:00:30]} 27. Rgh4 {[%emt 0:06:22]} exd4 {[%emt 0:00:11]} 28. Rxh6 {[%emt 0:00:09]} gxh6 {[%emt 0:07:14]} 29. Rxh6 {[%emt 0:00:01]} Bf8 {[%emt 0:01:00]} 30. Rh8+ {[%emt 0:00:33]} Kxh8 {[%emt 0:00:20]} 31. Qh2+ {[%emt 0:00:14]} Bh3 {[%emt 0:00:18]} 32. Qxh3+ {[%emt 0:00:22]} Kg8 {[%emt 0:00:03]} 33. Ba6 {[%emt 0:04:01]} Rxg6 {[%emt 0:01:04]} 0-1